000
00312nam a2200145Ia 4500
100
_a
Shrader/Robert L
250
_a
3
942
_c
BK
654
_a
electronic
245
_a
Electronic communication
260
_b
Mc Graw Hill
_a
Singapore
_c
1993
082
_a
621.38
_b
SHR
300
_a
713
546
_a
ENGLISH
999
_c
26433
_d
26433